000
00263nam a2200109Ia 4500
008
190216s9999||||xx |||||||||||||| ||und||
100
_a
Soviet Nad
245
0
_a
Indira Gandik Soviet Adaranjali
260
_b
Grenda Shala
650
_a
Essay Malayalam
942
_c
BK
999
_c
25650
_d
25650